Therapeutic laser applications and laser-tissue interactions II : (Record no. 14158)
[ view plain ]
| 000 -LEADER | |
|---|---|
| fixed length control field | 00992cam a22002174a 4500 |
| 020 ## - ISBN | |
| International Standard Book Number | 0819458651 |
| 050 00 - LIBRARY OF CONGRESS CALL NUMBER | |
| Classification Number | R 857.L37 |
| Item Number | .T44 2005 |
| 245 00 - TITLE | |
| Title | Therapeutic laser applications and laser-tissue interactions II : |
| Remainder of title | 12-16 June 2005, Munich, Germany / |
| Statement of responsibility, etc | Hubert van den Bergh, Alfred Vogel, chairs/editors ; sponsored and published by OSA--Optical Society of America, SPIE--The International Society for Optical Engineering ; cosponsored by European Physical Society ... [et al.]. |
| 260 ## - PUBLICATION, DISTRIBUTION, ETC.(IMPRINT) | |
| Place of publication, distribution, etc | Bellingham, Wash., USA : |
| Name of publisher, distributor, etc | SPIE ; |
| Place of publication, distribution, etc | Washington, D.C. : |
| Name of publisher, distributor, etc | OSA, |
| Date of publication, distribution, etc | c2005. |
| 300 ## - PHYSICAL DESCRIPTION | |
| Extent | 1 v. (various pagings) : |
| 650 #0 - SUBJECT--TOPIC | |
| Form subdivision | Congresses. |
| 650 #0 - SUBJECT--TOPIC | |
| General subdivision | Diagnostic use |
| Form subdivision | Congresses. |
| 650 #0 - SUBJECT--TOPIC | |
| General subdivision | Therapeutic use |
| Form subdivision | Congresses. |
| 650 #0 - SUBJECT--TOPIC | |
| General subdivision | Physiological effect |
| Form subdivision | Congresses. |
| 650 12 - SUBJECT--TOPIC | |
| Form subdivision | Congresses. |
| 650 22 - SUBJECT--TOPIC | |
| General subdivision | therapeutic use |
| Form subdivision | Congresses. |
| 700 1# - ADDED ENTRY--PERSONAL AUTHOR | |
| Personal Name | Bergh, Hubert van den. |
| 700 1# - ADDED ENTRY--PERSONAL AUTHOR | |
| Personal Name | Vogel, Alfred, |
| 856 41 - URL/ELECTRONIC LOCATION AND ACCESS | |
| Uniform Resource Identifier | <a href="http://www.loc.gov/catdir/toc/fy0701/2006282000.html">http://www.loc.gov/catdir/toc/fy0701/2006282000.html</a> |
| 942 ## - ADDED ENTRY ELEMENTS(KOHA) | |
| Source of classification or shelving scheme | Library of Congress Classification |
| Koha item type | General circulation |
| Source of classification or shelving scheme | Not for loan | Location (home branch) | Sublocation (holding branch) | Shelving location | Date accessioned | Full call number | Barcode | Nonpublic note | Koha item type |
|---|---|---|---|---|---|---|---|---|---|
| Library of Congress Classification | Main Campus Library | Main Campus Library | 17/05/2016 | R857.L37 T44 2005 | 2016/018012 | amm | General circulation |